[Event "KEN-ch"]
[Site "Nairobi"]
[Date "2024.02.16"]
[Round "6"]
[White "Gohil, Mehul"]
[Black "Mutuge, Ian"]
[Result "0-1"]
[WhiteElo "1994"]
[BlackElo "1777"]
[PlyCount "52"]
[EventDate "2024.02.09"]
[EventType "tourn"]
[EventRounds "11"]
[EventCountry "KEN"]
[SourceTitle "CB08_2024"]
[SourceDate "2024.02.21"]
[SourceVersion "1"]
[SourceVersionDate "2024.02.21"]
[SourceQuality "1"]

1. d4 d5 2. Nf3 c6 3. e3 Nf6 4. c4 e6 5. b3 Bd6 6. Bb2 0-0 7. Bd3 Qe7 8. 0-0 Nbd7 9. Nc3 dxc4 10. bxc4 e5 11. Qc2 g6 12. Rfe1 Re8 13. e4 exd4 14. e5 Nxe5 15. Nxe5 Bxe5 16. f4 dxc3 17. Bxc3 Qc5+ 18. Kh1 Bxc3 19. Qxc3 Bf5 20. Qxf6 Bxd3 21. Re5 Rxe5 22. fxe5 Qxc4 23. h4 Qe6 24. Qg5 Re8 25. Re1 Qf5 26. Qg3 Be4 0-1

[Event "KEN-ch"]
[Site "Nairobi"]
[Date "2024.02.11"]
[Round "5"]
[White "Omolo, Keneth"]
[Black "Gohil, Mehul"]
[Result "0-1"]
[WhiteElo "2088"]
[BlackElo "1994"]
[PlyCount "68"]
[EventDate "2024.02.09"]
[EventType "tourn"]
[EventRounds "11"]
[EventCountry "KEN"]
[SourceTitle "CB08_2024"]
[SourceDate "2024.02.21"]
[SourceVersion "1"]
[SourceVersionDate "2024.02.21"]
[SourceQuality "1"]

1. e4 c5 2. Nf3 d6 3. Nc3 Nf6 4. d4 cxd4 5. Nxd4 a6 6. a4 e6 7. Be2 Be7 8. 0-0 0-0 9. Kh1 Qc7 10. f4 Nc6 11. Nxc6 bxc6 12. g4 Bb7 13. g5 Nd7 14. Rf3 f5 15. exf5 exf5 16. Rh3 Rf7 17. Bf3 d5 18. Be3 Re8 19. Qg1 Nf8 20. Rf1 Ng6 21. Bg2 Bd6 22. Qf2 Rd7 23. Bc1 Bf8 24. Qf3 d4 25. Nd1 c5 26. Qd3 Bxg2+ 27. Kxg2 Qc6+ 28. Kg1 c4 29. Qxf5 d3 30. cxd3 cxd3 31. Be3 d2 32. Qg4 Bc5 33. Qh5 Rxe3 34. Rxe3 Bxe3+ 0-1

[Event "KEN-ch"]
[Site "Nairobi"]
[Date "2022.12.28"]
[Round "5"]
[White "Gohil, Mehul"]
[Black "Hugh, Misiko Okonga"]
[Result "0-1"]
[WhiteElo "2012"]
[BlackElo "1785"]
[PlyCount "72"]
[EventDate "2022.12.26"]
[EventType "swiss"]
[EventRounds "9"]
[EventCountry "KEN"]
[SourceTitle "EXT 2024"]
[Source "ChessBase"]
[SourceDate "2023.10.10"]
[SourceVersion "1"]
[SourceVersionDate "2023.10.10"]
[SourceQuality "1"]

1. d4 e6 2. e4 d5 3. Nc3 dxe4 4. Nxe4 Nd7 5. Nf3 Ngf6 6. Nxf6+ Nxf6 7. Bg5 Be7 8. Bd3 a6 9. Qe2 c5 10. dxc5 Qa5+ 11. c3 Qxc5 12. 0-0 0-0 13. Rad1 Rd8 14. Rfe1 Bd7 15. Qc2 h6 16. Be3 Qh5 17. Bb6 Rdc8 18. Re5 g5 19. h4 Bc6 20. Nxg5 Ng4 21. Nf3 Nxe5 22. Nxe5 Qxe5 23. Bd4 Qh5 24. Bh7+ Kf8 25. Rd3 Bxh4 26. Rh3 Qg5 27. g3 Qd5 28. Rh2 e5 29. Be3 Bg5 30. f4 Qf3 31. Bf2 Rd8 32. Bc5+ Be7 33. Bxe7+ Kxe7 34. Re2 Qxg3+ 35. Kf1 Qf3+ 36. Ke1 Qh1+ 0-1

[Event "KEN-ch"]
[Site "Nairobi"]
[Date "2022.12.26"]
[Round "2"]
[White "Michuki, Francis"]
[Black "Gohil, Mehul"]
[Result "0-1"]
[WhiteElo "1656"]
[BlackElo "2012"]
[PlyCount "41"]
[EventDate "2022.12.26"]
[EventType "swiss"]
[EventRounds "9"]
[EventCountry "KEN"]
[SourceTitle "EXT 2024"]
[Source "ChessBase"]
[SourceDate "2023.10.10"]
[SourceVersion "1"]
[SourceVersionDate "2023.10.10"]
[SourceQuality "1"]

1. c4 f5 2. Nc3 Nf6 3. e4 fxe4 4. Nxe4 Nxe4 5. Qh5+ g6 6. Qe5 Nf6 7. Nf3 Nc6 8. Qc3 e6 9. a3 a5 10. Rb1 Qe7 11. Be2 Bg7 12. d4 0-0 13. 0-0 Ne4 14. Qc2 d5 15. Be3 Nd6 16. cxd5 exd5 17. Rfe1 Bf5 18. Bd3 Bxd3 19. Qxd3 Qe4 20. Qd1 Qg4 21. Qb3 0-1

[Event "Mombasa op"]
[Site "Shanzu"]
[Date "2022.10.08"]
[Round "1"]
[White "Gohil, Mehul"]
[Black "Tandeka, Shiloh"]
[Result "1-0"]
[WhiteElo "1983"]
[BlackElo "1474"]
[PlyCount "45"]
[EventDate "2022.10.08"]
[EventType "swiss"]
[EventRounds "6"]
[EventCountry "KEN"]
[SourceTitle "EXT 2024"]
[Source "ChessBase"]
[SourceDate "2023.10.10"]
[SourceVersion "1"]
[SourceVersionDate "2023.10.10"]
[SourceQuality "1"]

1. d4 Nf6 2. Bg5 e6 3. e4 Be7 4. e5 Nd5 5. Bxe7 Nxe7 6. Bd3 c5 7. Nc3 0-0 8. Qh5 Ng6 9. d5 exd5 10. Nxd5 d6 11. 0-0-0 Re8 12. Nf3 dxe5 13. Ng5 h6 14. Nxf7 Qxd5 15. Bxg6 Qxa2 16. Nxh6+ gxh6 17. Bxe8 Qa1+ 18. Kd2 Qa5+ 19. c3 Qd8+ 20. Kc2 Qg5 21. Qxg5+ hxg5 22. Rd8 Nc6 23. Bxc6+ 1-0

[Event "World Amateur-ch U2300"]
[Site "Rhodes"]
[Date "2021.10.19"]
[Round "3"]
[White "Gohil, Mehul"]
[Black "Sandalakis, Nikolaos"]
[Result "0-1"]
[WhiteElo "1988"]
[BlackElo "2226"]
[PlyCount "92"]
[EventDate "2021.10.17"]
[EventType "swiss"]
[EventRounds "9"]
[EventCountry "GRE"]
[SourceTitle "EXT 2023"]
[Source "ChessBase"]
[SourceDate "2022.10.05"]
[SourceVersion "1"]
[SourceVersionDate "2022.10.05"]
[SourceQuality "1"]

1. d4 Nf6 2. Bg5 Ne4 3. Bf4 d5 4. e3 c5 5. Bd3 Nf6 6. c3 Nc6 7. Nf3 Bg4 8. Nbd2 e6 9. Qa4 Nd7 10. 0-0 Be7 11. Rfe1 c4 12. Bb1 Bxf3 13. Nxf3 f5 14. Nd2 0-0 15. f3 e5 16. dxe5 Ndxe5 17. b3 a6 18. b4 b5 19. Qd1 a5 20. bxa5 Qxa5 21. Nf1 Rad8 22. Ng3 g6 23. Ne2 Bh4 24. Rf1 Bf6 25. Bc2 b4 26. Nd4 Nxd4 27. cxd4 Nc6 28. g4 fxg4 29. fxg4 Bg7 30. h4 Qa3 31. Rf3 Qc3 32. Rc1 Rxf4 33. exf4 Qxd4+ 34. Kg2 Qc5 35. h5 Nd4 36. hxg6 Nxf3 37. gxh7+ Kh8 38. Qxf3 Re8 39. f5 Bh6 40. f6 Re3 41. Qf2 Qd4 42. Qf5 Qd2+ 43. Qf2 Re2 44. Rf1 Qxc2 45. f7 Rxf2+ 46. Rxf2 Qe4+ 0-1

[Event "African Online op"]
[Site "Tornelo INT"]
[Date "2021.02.03"]
[Round "5"]
[White "Gohil, Mehul"]
[Black "Cambando, Jose"]
[Result "1-0"]
[WhiteElo "1991"]
[BlackElo "2128"]
[PlyCount "47"]
[EventDate "2021.02.01"]
[EventType "swiss (rapid)"]
[EventRounds "9"]
[EventCountry "NET"]
[SourceTitle "CBM 200 Extra"]
[Source "ChessBase"]
[SourceDate "2021.03.31"]
[SourceVersion "1"]
[SourceVersionDate "2021.03.31"]
[SourceQuality "1"]

1. d4 Nf6 2. Bg5 Ne4 3. Bf4 g5 4. Be5 f6 5. e3 h5 6. Bd3 d5 7. f3 Bf5 8. Bg3 Nxg3 9. hxg3 Bxd3 10. Qxd3 Kf7 11. Nc3 e6 12. 0-0-0 Bd6 13. f4 g4 14. e4 c6 15. Nge2 Na6 16. f5 Qd7 17. Rdf1 Nb4 18. Qe3 dxe4 19. fxe6+ Qxe6 20. Nxe4 Rag8 21. Rxf6+ Qxf6 22. Nxf6 Kxf6 23. Rf1+ Kg6 24. Qe6+ 1-0

[Event "Online Olym Div4 A"]
[Site "Chess.com INT"]
[Date "2020.08.01"]
[Round "4.5"]
[White "Gohil, Mehul"]
[Black "Jaiswal, Rupesh"]
[Result "1/2-1/2"]
[WhiteElo "1983"]
[BlackElo "2115"]
[PlyCount "132"]
[EventDate "2020.07.31"]
[EventType "team-tourn (rapid)"]
[EventRounds "9"]
[EventCountry "USA"]
[SourceTitle "CBM 198"]
[Source "ChessBase"]
[SourceDate "2020.10.31"]
[SourceVersion "1"]
[SourceVersionDate "2020.10.31"]
[SourceQuality "1"]
[WhiteTeam "Kenya"]
[BlackTeam "Nepal"]
[WhiteTeamCountry "KEN"]
[BlackTeamCountry "NEP"]

1. d4 Nf6 2. Bg5 e6 3. e4 Be7 4. e5 Nd5 5. Bxe7 Qxe7 6. c4 Nb6 7. Nc3 Qb4 8. Rb1 Nxc4 9. Nf3 d6 10. Qc2 d5 11. Bd3 h6 12. 0-0 a6 13. a3 Qe7 14. Bxc4 dxc4 15. Qa4+ Bd7 16. Qxc4 Bc6 17. d5 exd5 18. Nxd5 Bxd5 19. Qxd5 Nc6 20. Rfe1 0-0 21. e6 Rad8 22. Qb3 fxe6 23. Qxb7 Nd4 24. Nxd4 Rxd4 25. Qxa6 e5 26. Rbd1 Rxd1 27. Rxd1 Qc5 28. Qe2 Rb8 29. h3 Rf8 30. Rd2 Qc1+ 31. Kh2 Qc5 32. f3 Rb8 33. Rc2 Qd4 34. Qc4+ Qxc4 35. Rxc4 Rxb2 36. Rxc7 Ra2 37. Ra7 Kh7 38. a4 Kg6 39. a5 Ra4 40. Kg3 h5 41. a6 Ra3 42. Kf2 Ra2+ 43. Kg1 Ra1+ 44. Kh2 h4 45. Ra8 Kg5 46. a7 g6 47. Re8 Rxa7 48. Rxe5+ Kh6 49. Kg1 Ra2 50. Kf1 Ra1+ 51. Kf2 Ra2+ 52. Re2 Ra3 53. g3 hxg3+ 54. Kxg3 g5 55. Rb2 Kh5 56. Rb8 Ra4 57. Rh8+ Kg6 58. Rb8 Kh5 59. Rb6 Rc4 60. Ra6 Rb4 61. Ra8 Rc4 62. Rh8+ Kg6 63. h4 Rxh4 64. Rxh4 gxh4+ 65. Kxh4 Kf5 66. Kg3 Kg5 1/2-1/2

[Event "Online Olym Div4 A"]
[Site "Chess.com INT"]
[Date "2020.07.31"]
[Round "3.2"]
[White "Al Ghasra, Ali"]
[Black "Gohil, Mehul"]
[Result "0-1"]
[WhiteElo "2048"]
[BlackElo "1983"]
[PlyCount "86"]
[EventDate "2020.07.31"]
[EventType "team-tourn (rapid)"]
[EventRounds "9"]
[EventCountry "USA"]
[SourceTitle "CBM 198"]
[Source "ChessBase"]
[SourceDate "2020.10.31"]
[SourceVersion "1"]
[SourceVersionDate "2020.10.31"]
[SourceQuality "1"]
[WhiteTeam "Bahrain"]
[BlackTeam "Kenya"]
[WhiteTeamCountry "BHN"]
[BlackTeamCountry "KEN"]

1. d4 d5 2. c4 e6 3. Nc3 Nf6 4. Nf3 Be7 5. e3 0-0 6. Bd3 c5 7. 0-0 a6 8. a4 Nc6 9. cxd5 exd5 10. Ne5 Bd6 11. f4 cxd4 12. exd4 Nxd4 13. Bxh7+ Kxh7 14. Qxd4 Bf5 15. Be3 Rc8 16. Qd2 Ne4 17. Nxe4 Bxe4 18. Rac1 Qe7 19. Bd4 f6 20. Nd3 Rc4 21. Rxc4 dxc4 22. Nf2 Rd8 23. Qe3 Bc2 24. Qc3 Bxa4 25. Qxc4 Bb5 26. Qc2+ Kh8 27. Bb6 Re8 28. Nd3 Qe4 29. Rf3 g6 30. Qc3 Kg7 31. h3 Bc6 32. Nc5 Qe2 33. Rf2 Qb5 34. Qd4 Re1+ 35. Kh2 Bf8 36. Nd3 Re4 37. Qd8 Be7 38. Qc7 Qxd3 39. Rf3 Qd6 40. Qc8 Rxf4 41. Bc7 Rxf3+ 42. Bxd6 Bxd6+ 43. Kg1 Rg3 0-1

[Event "Africa-ch Blitz"]
[Site "Casablanca"]
[Date "2019.08.28"]
[Round "6.14"]
[White "Naipal, Hoolan"]
[Black "Gohil, Mehul"]
[Result "0-1"]
[WhiteElo "1785"]
[BlackElo "2039"]
[PlyCount "86"]
[EventDate "2019.08.28"]
[EventType "swiss (blitz)"]
[EventRounds "9"]
[EventCountry "MAR"]
[SourceTitle "EXT 2024"]
[Source "ChessBase"]
[SourceDate "2023.10.10"]
[SourceVersion "1"]
[SourceVersionDate "2023.10.10"]
[SourceQuality "1"]

1. e4 c5 2. Nf3 d6 3. d4 cxd4 4. Nxd4 Nf6 5. Nc3 a6 6. g3 e6 7. Bg2 Be7 8. 0-0 0-0 9. Be3 Qc7 10. a4 Nc6 11. f4 Bd7 12. h3 b6 13. Nxc6 Bxc6 14. Qe2 Nd7 15. Rfd1 Rfd8 16. Kh2 Bf6 17. Bd4 Bxd4 18. Rxd4 Nf6 19. Rad1 e5 20. fxe5 dxe5 21. Rxd8+ Rxd8 22. Rxd8+ Qxd8 23. Qe3 Qd4 24. Qxd4 exd4 25. Ne2 Bxa4 26. Nxd4 Kf8 27. b3 Be8 28. e5 Nd7 29. e6 Ne5 30. exf7 Kxf7 31. Bd5+ Kf6 32. Kg2 Ke7 33. Nf5+ Kf6 34. Nd4 Bg6 35. Kf2 Ke7 36. Bb7 a5 37. Bd5 Kd6 38. Bg2 Kc5 39. c3 Nd3+ 40. Ke3 b5 41. Ne6+ Kb6 42. Nxg7 a4 43. bxa4 bxa4 0-1

[Event "Africa-chT rapid"]
[Site "Casablanca"]
[Date "2019.08.24"]
[Round "2.4"]
[White "Gohil, Mehul"]
[Black "Chumfwa, Stanley"]
[Result "0-1"]
[WhiteElo "2076"]
[BlackElo "2317"]
[PlyCount "100"]
[EventDate "2019.08.24"]
[EventType "team-swiss (rapid)"]
[EventRounds "9"]
[EventCountry "MAR"]
[SourceTitle "EXT 2020"]
[Source "ChessBase"]
[SourceDate "2019.10.17"]
[SourceVersion "1"]
[SourceVersionDate "2019.10.17"]
[SourceQuality "1"]
[WhiteTeam "Kenya"]
[BlackTeam "Zambia"]
[WhiteTeamCountry "KEN"]
[BlackTeamCountry "ZAM"]

1. d4 Nf6 2. Bg5 e6 3. e4 h6 4. Bxf6 Qxf6 5. c3 d5 6. Nd2 c5 7. Ngf3 Nc6 8. Bb5 Bd7 9. 0-0 cxd4 10. Nxd4 dxe4 11. Nxe4 Qf4 12. Re1 Be7 13. g3 Qc7 14. Qg4 0-0 15. Nxc6 bxc6 16. Bd3 f5 17. Qg6 fxe4 18. Qxe4 Rf6 19. Qh7+ Kf7 20. Be2 Qe5 21. Rad1 Rd8 22. Bd3 Qc5 23. Re3 Be8 24. b4 Qh5 25. Rde1 Rd5 26. Qh8 Rdf5 27. Bc4 Rxf2 28. Bxe6+ Rxe6 29. Kxf2 Qxh2+ 30. Kf3 Qh5+ 31. Kg2 Qd5+ 32. Kg1 Rxe3 33. Rxe3 Qd1+ 34. Kf2 Qd2+ 35. Kf3 Qd1+ 36. Kf2 Qd2+ 37. Kf3 Qd5+ 38. Kf2 Qxa2+ 39. Kg1 Qb1+ 40. Kf2 Qc2+ 41. Kf3 Qf5+ 42. Kg2 Qd5+ 43. Kf2 c5 44. Qh7 cxb4 45. Rf3+ Bf6 46. cxb4 Bc6 47. Rd3 Bd4+ 48. Ke2 Qg2+ 49. Kd1 Ba4+ 50. Ke1 Qf2# 0-1

[Event "Mombasa zt 4.2"]
[Site "Mombasa"]
[Date "2019.05.07"]
[Round "4"]
[White "Fidow, Kassim Hassan"]
[Black "Gohil, Mehul"]
[Result "0-1"]
[WhiteElo "1643"]
[BlackElo "2062"]
[PlyCount "58"]
[EventDate "2019.05.05"]
[EventType "swiss"]
[EventRounds "9"]
[EventCountry "KEN"]
[SourceTitle "CBM 190 Extra"]
[Source "ChessBase"]
[SourceDate "2019.07.15"]
[SourceVersion "1"]
[SourceVersionDate "2019.07.15"]
[SourceQuality "1"]

1. e4 e6 2. d4 d5 3. exd5 exd5 4. Nf3 Nf6 5. Bd3 c5 6. Bb5+ Nc6 7. Ne5 Qb6 8. Bxc6+ bxc6 9. c3 Ba6 10. a4 Bd6 11. a5 Qc7 12. f4 0-0 13. Kf2 Ne4+ 14. Kg1 f6 15. Nd3 cxd4 16. g3 dxc3 17. Nxc3 Rfe8 18. Kg2 Rad8 19. Re1 Nxc3 20. Rxe8+ Rxe8 21. bxc3 c5 22. Ra2 Bb7 23. Re2 d4+ 24. Kg1 Rxe2 25. Qxe2 Qc6 26. Qe6+ Kf8 27. Kf1 Qh1+ 28. Ke2 Bf3+ 29. Kf2 Qg2+ 0-1

[Event "Nairobi Capablanca Cup 7th"]
[Site "Nairobi"]
[Date "2017.05.21"]
[Round "6"]
[White "Gohil, Mehul"]
[Black "Mulaga Omondi, Geofrey"]
[Result "1-0"]
[WhiteElo "2092"]
[BlackElo "1813"]
[PlyCount "65"]
[EventDate "2017.05.20"]
[EventType "swiss"]
[EventRounds "6"]
[EventCountry "KEN"]
[SourceTitle "CBM 178 Extra"]
[Source "ChessBase"]
[SourceDate "2017.06.22"]
[SourceVersion "1"]
[SourceVersionDate "2017.06.22"]
[SourceQuality "1"]

1. d4 d5 2. c4 Nf6 3. cxd5 Nxd5 4. Nc3 c6 5. e4 Nf6 6. Bc4 Bg4 7. Qb3 e6 8. Qxb7 Nbd7 9. Qxc6 Bb4 10. f3 Bh5 11. Qa4 Bxc3+ 12. bxc3 0-0 13. Bd3 Nb6 14. Qd1 Nfd7 15. Ne2 Rc8 16. Nf4 Rxc3 17. Nxh5 Qh4+ 18. Ng3 f5 19. Bb2 Rxd3 20. Qxd3 f4 21. 0-0 fxg3 22. h3 Nf6 23. d5 exd5 24. Bxf6 Qxf6 25. exd5 Rd8 26. Rad1 h6 27. d6 Kh8 28. Rfe1 Nd7 29. Qd4 Qxd4+ 30. Rxd4 Kh7 31. Kf1 Kg6 32. Rg4+ Kf6 33. Rxg3 1-0